[Event "Frankfurter Stadtmeisterschaft 2026 A"]
[Site "Frankfurt am Main"]
[Date "2026.04.27"]
[Round "1.30"]
[White "Fröhlich-Dill, Astrid"]
[Black "Piacentino, Mirco"]
[Result "1/2-1/2"]
[WhiteElo "1806"]
[BlackElo "1673"]
[PlyCount "90"]
[GameId "2304196664504359"]
[EventDate "2026.04.27"]
[WhiteTeam "SV 1920 Hofheim"]
[BlackTeam "SV 1934 Ffm-Griesheim"]

1. d4 d5 2. c4 e6 3. Nc3 Nf6 4. Bg5 Nbd7 5. a3 c6 6. Nf3 Be7 7. e3 O-O 8. Bd3 dxc4 9. Bxc4 c5 10. O-O cxd4 11. exd4 Nb6 12. Ba2 Bd7 13. Rc1 Rc8 14. Qd3 Nfd5 15. Bxe7 Nxe7 16. Ng5 Ng6 17. Qe3 Nc4 18. Bxc4 Rxc4 19. Nf3 Qb6 20. Ne4 Rxc1 21. Qxc1 Rc8 22. Qd2 Bc6 23. Rc1 Rd8 24. Nc5 Bxf3 25. gxf3 Ne5 26. Qe3 Nc6 27. Nb3 h6 28. Rc4 Qb5 29. Rc3 Rd5 30. Rc5 Rg5+ 31. Qxg5 Qxb3 32. Qd2 Qxf3 33. Rc3 Qg4+ 34. Rg3 Qh5 35. b4 Kf8 36. Qd3 g6 37. Rf3 Nxd4 38. Rh3 Qg5+ 39. Kf1 Qc1+ 40. Kg2 Qg5+ 41. Rg3 Qd5+ 42. Kg1 Qe5 43. Re3 Qg5+ 44. Rg3 Qe5 45. Re3 Qg5+ 1/2-1/2

[Event "Frankfurter Stadtmeisterschaft 2026 A"]
[Site "Frankfurt am Main"]
[Date "2026.04.27"]
[Round "1.31"]
[White "Röckle, Silas"]
[Black "Mühlbach, Christian"]
[Result "1-0"]
[WhiteElo "1650"]
[BlackElo "1845"]
[PlyCount "87"]
[GameId "2304196664504360"]
[EventDate "2026.04.27"]
[WhiteTeam "SF Frankfurt 1921"]
[BlackTeam "SK Langen"]

1. e4 c5 2. Nf3 d6 3. d4 cxd4 4. Nxd4 Nf6 5. Nc3 a6 6. Be3 Qc7 7. f3 e5 8. Nb3 Be6 9. Qd2 Nbd7 10. O-O-O Nb6 11. Kb1 Be7 12. g4 Rd8 13. Qf2 Nc4 14. Bxc4 Qxc4 15. g5 Nd7 16. Nd5 Rc8 17. h4 Qb5 18. f4 exf4 19. Qxf4 Ne5 20. Nd4 Qc5 21. c3 Bxd5 22. exd5 Qc4 23. Qg3 Qxd5 24. Ka1 Nc4 25. Nc2 Qe4 26. Qf2 O-O 27. Bd4 f5 28. Rhe1 Qg4 29. Rg1 Qh5 30. Rde1 Rce8 31. Bxg7 Kxg7 32. Qd4+ Ne5 33. Rxe5 dxe5 34. Qxe5+ Kg8 35. Nd4 Qg6 36. Ne6 Rf7 37. Nf4 Qd6 38. Qe3 Qc5 39. Qg3 Bd6 40. g6 hxg6 41. Qxg6+ Kf8 42. Qh6+ Ke7 43. Qg5+ Kd7 44. Rd1 $138 1-0

[Event "Frankfurter Stadtmeisterschaft 2026 A"]
[Site "Frankfurt am Main"]
[Date "2026.04.27"]
[Round "1.32"]
[White "Clauss, Hendrik"]
[Black "Keglevic, Christian"]
[Result "1-0"]
[WhiteElo "1778"]
[BlackElo "1647"]
[PlyCount "43"]
[GameId "2304196664504361"]
[EventDate "2026.04.27"]
[WhiteTeam "SC Bergen-Enkheim 1922"]
[BlackTeam "SF Schöneck"]

1. d4 Nf6 2. Bg5 d5 3. Bxf6 gxf6 4. e3 e5 5. c4 c6 6. Nc3 Be6 7. Nf3 Nd7 8. dxe5 Nxe5 9. cxd5 cxd5 10. Nxe5 fxe5 11. Bb5+ Ke7 12. Qf3 Bg7 13. O-O e4 14. Qe2 Rg8 15. Kh1 Qc8 16. Rac1 Bxc3 17. Rxc3 Bh3 18. Rg1 Bxg2+ 19. Rxg2 Qh3 20. Qf1 Rg5 21. Rxg5 Qxf1+ 22. Bxf1 1-0

[Event "Frankfurter Stadtmeisterschaft 2026 A"]
[Site "Frankfurt am Main"]
[Date "2026.04.27"]
[Round "1.34"]
[White "Börsch, Dieter"]
[Black "Wöhl, Torsten"]
[Result "0-1"]
[WhiteElo "1805"]
[BlackElo "1636"]
[PlyCount "38"]
[GameId "2304196664504363"]
[EventDate "2026.04.27"]
[WhiteTeam "SK Bad Homburg 1927"]
[BlackTeam "SC Groß-Zimmern"]

1. d4 e6 2. c4 f5 3. Nc3 Nf6 4. Bg5 h6 5. Bxf6 Qxf6 6. Nf3 Bb4 7. e3 b6 8. Bd3 Bb7 9. O-O Bxc3 10. bxc3 d6 11. Qe2 O-O 12. e4 Nd7 13. Rac1 Rae8 14. Nd2 Qg6 15. f3 Nf6 16. e5 Nh5 17. f4 Qg4 18. Qf2 Nxf4 19. Bc2 Nh3+ 0-1

[Event "Frankfurter Stadtmeisterschaft 2026 A"]
[Site "Frankfurt am Main"]
[Date "2026.04.27"]
[Round "1.35"]
[White "Grünzig, Matthias"]
[Black "Gutacker, Stephan"]
[Result "0-1"]
[WhiteElo "1687"]
[BlackElo "1932"]
[PlyCount "88"]
[GameId "2304196664504364"]
[EventDate "2026.04.27"]
[WhiteTeam "FV Berkersheim"]
[BlackTeam "Sfr.1932 Kelkheim"]

1. d4 Nf6 2. Bf4 d5 3. e3 e6 4. c3 Bd6 5. Bxd6 Qxd6 6. Nd2 O-O 7. Ngf3 b6 8. Bd3 Bb7 9. Ne5 Nbd7 10. Ndf3 c5 11. O-O c4 12. Bc2 b5 13. a3 a5 14. Qd2 Ne4 15. Qe1 f6 16. Nxd7 Qxd7 17. Nd2 Nd6 18. Nf3 Bc6 19. Qb1 Ne4 20. Rd1 g5 21. Nd2 Nd6 22. Re1 e5 23. Nf3 e4 24. Nd2 f5 25. Nf1 f4 26. Qd1 f3 27. Ng3 Nf5 28. gxf3 Nxg3 29. fxg3 Rxf3 30. Qe2 Raf8 31. Rf1 g4 32. Rxf3 gxf3 33. Qf2 Qd6 34. Rf1 Bd7 35. Qd2 Bh3 36. Rf2 h5 37. Qe1 Rf7 38. Kh1 h4 39. Qg1 Bg2+ 40. Rxg2 fxg2+ 41. Qxg2 hxg3 42. hxg3 Qh6+ 43. Kg1 Qxe3+ 44. Kh1 Rh7+ 0-1

[Event "Frankfurter Stadtmeisterschaft 2026 A"]
[Site "Frankfurt am Main"]
[Date "2026.04.27"]
[Round "1.36"]
[White "Held, Bernhard"]
[Black "Hebauf, Markus"]
[Result "1-0"]
[WhiteElo "1828"]
[BlackElo "1642"]
[PlyCount "51"]
[GameId "2304196664504365"]
[EventDate "2026.04.27"]
[WhiteTeam "SK 1908 Göggingen"]
[BlackTeam "Sfr.1932 Kelkheim"]

1. d4 d5 2. c4 e6 3. Nc3 Nf6 4. Nf3 Be7 5. Bg5 Nbd7 6. e3 c6 7. Qc2 O-O 8. Bd3 dxc4 9. Bxc4 Nd5 10. Bxe7 Nxe7 11. O-O Qc7 12. Ng5 Nf6 13. Nce4 Nxe4 14. Qxe4 Ng6 15. h4 Qe7 16. f4 h6 17. h5 hxg5 18. hxg6 gxf4 19. Rxf4 f5 20. Rxf5 Rxf5 21. Qxf5 Bd7 22. Qh5 Qf6 23. Rf1 Qxf1+ 24. Kxf1 Rf8+ 25. Ke2 Rf5 26. Qxf5 1-0

[Event "Frankfurter Stadtmeisterschaft 2026 A"]
[Site "Frankfurt am Main"]
[Date "2026.04.27"]
[Round "1.38"]
[White "Schweitzer, Stefan"]
[Black "Klikic, Drazen"]
[Result "1-0"]
[WhiteElo "1851"]
[BlackElo "1643"]
[PlyCount "45"]
[GameId "2304196664504367"]
[EventDate "2026.04.27"]
[WhiteTeam "SF Frankfurt 1921"]
[BlackTeam "SC 1961 König Nied"]

1. c4 e6 2. g3 d5 3. Bg2 Nf6 4. Nf3 c5 5. O-O Nc6 6. cxd5 exd5 7. d4 Be7 8. Nc3 O-O 9. Bg5 Be6 10. dxc5 Bxc5 11. e3 h6 12. Bxf6 gxf6 13. Ne2 Qd7 14. Nf4 d4 15. Nxe6 fxe6 16. Qc2 Bb6 17. Rad1 Rad8 18. exd4 Nxd4 19. Nxd4 Bxd4 20. b3 b6 21. Rfe1 Rfe8 22. Bc6 Rc8 23. Qg6+ 1-0

[Event "Frankfurter Stadtmeisterschaft 2026 A"]
[Site "Frankfurt am Main"]
[Date "2026.04.27"]
[Round "1.39"]
[White "Manasek, Martin"]
[Black "Bittner, Peter"]
[Result "1/2-1/2"]
[WhiteElo "1641"]
[BlackElo "1892"]
[PlyCount "115"]
[GameId "2304196664504368"]
[EventDate "2026.04.27"]
[WhiteTeam "SC Flörsheim 1921"]
[BlackTeam "SC 1961 König Nied"]

1. d4 b5 2. Nf3 Nf6 3. c3 e6 4. Bg5 Be7 5. e3 c6 6. Bd3 Bb7 7. O-O d5 8. Re1 Nbd7 9. Nbd2 O-O 10. e4 dxe4 11. Nxe4 Nxe4 12. Bxe7 Qxe7 13. Bxe4 Nf6 14. Bd3 Rad8 15. b4 h6 16. Ne5 Nd7 17. Qe2 Nxe5 18. Qxe5 Rd5 19. Qe3 Re8 20. Be4 Rdd8 21. Bf3 Qc7 22. Qe5 Qxe5 23. Rxe5 a5 24. bxa5 Ra8 25. Rc5 Rec8 26. a4 Rxa5 27. c4 Rca8 28. cxb5 Rxa4 29. Rxa4 Rxa4 30. h3 Rxd4 31. bxc6 Bc8 32. c7 Kf8 33. Bc6 Ke7 34. Bb5 Rd6 35. f3 Rd5 36. Rxd5 exd5 37. Kf2 Kd6 38. Ke3 Kxc7 39. Kd4 Kd6 40. g4 h5 41. Ba4 hxg4 42. hxg4 Ba6 43. f4 Be2 44. g5 Ke6 45. Bc2 Bg4 46. Bb3 Bf3 47. Bc2 g6 48. Bd3 Bd1 49. Bb1 Bf3 50. Bd3 Bg4 51. Bc2 Bf5 52. Bb3 Be4 53. Ke3 Kf5 54. Ba4 Ke6 55. Bb5 Bc2 56. Ba6 Ba4 57. Bd3 Bc6 58. Kd4 1/2-1/2

[Event "Frankfurter Stadtmeisterschaft 2026 A"]
[Site "Frankfurt am Main"]
[Date "2026.04.27"]
[Round "1.41"]
[White "Biedermann, Andreas"]
[Black "Diehl, Stefan"]
[Result "0-1"]
[WhiteElo "1493"]
[BlackElo "1799"]
[PlyCount "90"]
[GameId "2304196664504370"]
[EventDate "2026.04.27"]
[WhiteTeam "SAbt SU Mühlheim"]
[BlackTeam "SC 1910 Höchst"]

1. f4 d5 2. Nf3 g6 3. g3 Bg7 4. Bg2 c6 5. O-O Qb6+ 6. d4 Nf6 7. c3 O-O 8. Kh1 Nbd7 9. Nbd2 Ng4 10. Nb3 Ndf6 11. h3 Nh6 12. g4 Ne4 13. Qe1 Qc7 14. Nbd2 Qxf4 15. Nxe4 Qxe4 16. Ne5 Qc2 17. Rf2 Qa4 18. e4 f6 19. Nf3 dxe4 20. Qxe4 e5 21. b3 Qa5 22. b4 Qd5 23. Nd2 Qxe4 24. Bxe4 exd4 25. c4 f5 26. Bd3 fxg4 27. Rxf8+ Bxf8 28. c5 gxh3 29. Bc4+ Kh8 30. Bb2 Bg7 31. Re1 Bf5 32. Re7 Rb8 33. a4 Bf6 34. Nf3 Rd8 35. Nxd4 Rxd4 36. Bxd4 Bxd4 37. Rxb7 Be4+ 38. Kh2 Bg2 39. Re7 Ng4+ 40. Kg3 Bf2+ 41. Kxg4 h2 42. Kg5 Bh4+ 43. Kxh4 h1=Q+ 44. Kg5 Qh5+ 45. Kf6 Qf5# 0-1